| 000 | 00525nam a2200193 a 4500 | ||
|---|---|---|---|
| 001 | 1448 | ||
| 003 | CDMR | ||
| 005 | 20151026104202.0 | ||
| 008 | 130130s1997||||||||||||||||||||||||||||d | ||
| 020 | _a8423987825 | ||
| 040 |
_aCDMR _bcat _cCDMR |
||
| 100 | 1 |
_aOlmos, Víctor _91101 |
|
| 245 | 1 | 0 |
_aHistoria de la Agencia EFE _b: el mundo en español _cVíctor Olmos |
| 260 |
_aMadrid _c1997 _bEspasa Calpe |
||
| 300 |
_a747 p. _bil. b/n |
||
| 610 | 2 |
_9624 _aAgencia EFE |
|
| 650 | 0 | 4 |
_91890 _aAgències de notícies |
| 942 |
_cMON _2udc |
||
| 999 |
_c1448 _d1448 |
||